[Event "14th Asia-ch (women)"]
[Site "Subic Bay PHI"]
[Date "2010.04.21"]
[Round "1"]
[White "Mendoza, Beverly"]
[Black "Wang Yu A"]
[Result "0-1"]
[WhiteElo "2078"]
[BlackElo "2335"]
[EventDate "2010.04.21"]
[PlyCount "80"]

1.e4 e5 2.Bc4 Nc6 3.Nc3 Nf6 4.d3 Bb4 5.Ne2 d5 6.exd5 Nxd5 7.O-O Nxc3 8.
bxc3 Bd6 9.f4 O-O 10.f5 Na5 11.Bb3 Nxb3 12.axb3 f6 13.Ra4 Rf7 14.Ng3 g5 
15.Be3 b5 16.Rg4 Bb7 17.h4 h6 18.Kf2 Bf8 19.hxg5 fxg5 20.Kg1 a5 21.Ne4 
Bxe4 22.Rxe4 a4 23.b4 a3 24.Qh5 a2 25.Qg6+ Bg7 26.Ra1 Rf6 27.Qh5 Rxf5 28.
Qe2 Qd7 29.Qd2 Qf7 30.Bf2 Rf8 31.Re2 g4 32.g3 h5 33.Kg2 Qd5+ 34.Kh2 h4 35.
gxh4 Bh6 36.Qe1 Rf3 37.Bg3 Rxg3 38.Kxg3 Bf4+ 39.Kxg4 Qe6+ 40.Kf3 Bd2+ 0-1

[Event "14th Asia-ch (women)"]
[Site "Subic Bay PHI"]
[Date "2010.04.23"]
[Round "3"]
[White "Suede, Akiko Charmaine"]
[Black "Al-Zarouni, Kholoud Essa"]
[Result "1-0"]
[WhiteElo "1945"]
[BlackElo "1868"]
[EventDate "2010.04.21"]
[PlyCount "71"]

1.e4 e5 2.Nc3 Nf6 3.Bc4 Bb4 4.d3 c6 5.Nf3 d5 6.exd5 cxd5 7.Bb5+ Bd7 8.
Bxd7+ Nbxd7 9.Bd2 O-O 10.O-O a6 11.Ne2 Bxd2 12.Qxd2 Qc7 13.c3 Rad8 14.d4 
e4 15.Nh4 g6 16.g3 b5 17.Qg5 Qc6 18.Nf5 Kh8 19.Ne3 Nb6 20.Rfc1 a5 21.b3 a4
22.Nc2 axb3 23.axb3 Ra8 24.Nb4 Qd6 25.Qd2 Rfe8 26.Rxa8 Rxa8 27.Qb2 Ng4 28.
h3 Nxf2 29.Kxf2 Qf6+ 30.Kg1 Qf3 31.Rf1 Qe3+ 32.Rf2 f5 33.Qc1 Qxc1+ 34.Nxc1
e3 35.Re2 Ra1 36.Nd3 1-0

[Event "14th Asia-ch (women)"]
[Site "Subic Bay PHI"]
[Date "2010.04.25"]
[Round "5"]
[White "Meenakshi, Subbaraman"]
[Black "Muminova, Nafisa"]
[Result "1-0"]
[WhiteElo "2348"]
[BlackElo "2338"]
[EventDate "2010.04.21"]
[PlyCount "187"]

1.d4 Nf6 2.c4 e6 3.Nc3 d5 4.cxd5 exd5 5.Bg5 Nbd7 6.e3 Bb4 7.Bd3 c5 8.Ne2 
c4 9.Bb1 O-O 10.O-O Be7 11.b3 Nb6 12.Nf4 Be6 13.bxc4 dxc4 14.Nxe6 fxe6 15.
Qc2 g6 16.Ne2 Nfd5 17.Bh6 Rf7 18.e4 Nb4 19.Qc3 Nc6 20.Kh1 Bf6 21.Be3 Rd7 
22.Rd1 Qf8 23.Bc2 Rad8 24.e5 Be7 25.a3 Qf7 26.Ng3 Rc7 27.Be4 Nd5 28.Bxd5 
exd5 29.Rab1 Qf8 30.f4 Bh4 31.Nf1 Qf5 32.Nd2 Rf8 33.Rg1 h5 34.Rb5 Rd7 35.
Nxc4 a6 36.Rc5 Be7 37.Nb6 Bxc5 38.Nxd7 Bxd4 39.Bxd4 Qxd7 40.Qd2 Rc8 41.Re1
Nd8 42.Be3 Ne6 43.Qd3 Kg7 44.f5 gxf5 45.Qxf5 Qf7 46.Bh6+ Kg8 47.Qd3 d4 48.
Rf1 Rc3 49.Qd1 Qg6 50.Rf6 Qd3 51.Qxd3 Rxd3 52.g4 Nc5 53.g5 Kh7 54.Bf8 Nd7 
55.g6+ Kg8 56.Bh6 Nxf6 57.exf6 Rf3 58.f7+ Rxf7 59.gxf7+ Kxf7 60.Kg2 Ke6 
61.Kf3 Kd5 62.Ke2 Kc5 63.Kd2 d3 64.Bf8+ Kd4 65.Bd6 Kd5 66.Be7 Kd4 67.a4 b5
68.axb5 axb5 69.Bd6 h4 70.Be7 h3 71.Bf6+ Ke4 72.Bc3 Kf3 73.Kxd3 Kg2 74.Be5
Kf3 75.Kc3 Ke4 76.Bg3 Kd5 77.Kb4 Kc6 78.Bf2 Kd6 79.Kxb5 Kd5 80.Kb4 Ke5 81.
Kc4 Ke4 82.Bg3 Ke3 83.Kd5 Kf3 84.Ke5 Kg4 85.Ke4 Kg5 86.Kf3 Kh5 87.Be1 Kg5 
88.Kg3 Kh5 89.Kxh3 Kg5 90.Bd2+ Kh5 91.Kg3 Kg6 92.Kg4 Kh7 93.Kf5 Kg7 94.h4 
1-0

[Event "14th Asia-ch (women)"]
[Site "Subic Bay PHI"]
[Date "2010.04.27"]
[Round "7"]
[White "Ju Wenjun"]
[Black "Pourkashiyan, Atousa"]
[Result "0-1"]
[WhiteElo "2500"]
[BlackElo "2292"]
[EventDate "2010.04.21"]
[PlyCount "44"]

1.d4 d5 2.c4 Nc6 3.Nc3 dxc4 4.d5 Ne5 5.Bf4 Ng6 6.Bg3 e6 7.e4 Nf6 8.dxe6 
Bxe6 9.f4 Qxd1+ 10.Rxd1 Bg4 11.Rc1 Bb4 12.e5 Nd5 13.h3 Bf5 14.Ne2 O-O-O 
15.a3 Ba5 16.Bf2 Ndxf4 17.Nxf4 Nxf4 18.Bxc4 Bd3 19.Bg3 Nxg2+ 20.Kf2 Bxc4 
21.Kxg2 Bxc3 22.Rxc3 Bd5+ 0-1